MARC details
| 000 -CABECERA |
| campo de control de longitud fija |
00961nam a2200253 a 4500 |
| 005 - FECHA Y HORA DE LA ÚLTIMA TRANSACCIÓN |
| campo de control |
20240601063635.0 |
| 008 - ELEMENTOS DE LONGITUD FIJA--INFORMACIÓN GENERAL |
| campo de control de longitud fija |
991125s1976 mad 000 0 spa u |
| 020 ## - NÚMERO INTERNACIONAL NORMALIZADO PARA LIBROS |
| Número Internacional Estándar del Libro |
8436204433 |
| 035 ## - NÚMERO DE CONTROL DEL SISTEMA |
| Número de control de sistema |
UPN01000046124 |
| 049 ## - COLECCIÓN |
| Colección |
CG |
| 050 #4 - SIGNATURA TOPOGRÁFICA DE LA BIBLIOTECA DEL CONGRESO |
| Número de clasificación |
T45 |
| Número de documento/Ítem |
G6.6 |
| 100 1# - ASIENTO PRINCIPAL--NOMBRE PERSONAL |
| Nombre de persona |
Gonzalo Fernández, Jesús Ramón |
| 9 (RLIN) |
36543 |
| 245 13 - MENCIÓN DE TÍTULO |
| Título |
La pretecnología como disciplina : |
| Resto del título |
núcleo tecnológico : mecánica / |
| Mención de responsabilidad, etc. |
por Jesús Ramón Gonzalo Fernández, Paz Badillo Serrano, Francisco Carrillo Mora. |
| 260 ## - PUBLICACIÓN, DISTRIBUCIÓN, ETC. |
| Lugar de publicación, distribución, etc. |
Madrid : |
| Nombre del editor, distribuidor, etc. |
UNED, |
| Fecha de publicación, distribución, etc. |
1976. |
| 300 ## - DESCRIPCIÓN FÍSICA |
| Extensión |
121 p. : |
| Otras características físicas |
il. |
| 440 #0 - MENCIÓN DE SERIE/ASIENTO SECUNDARIO--TÍTULO |
| Título |
Pretecnología ; |
| Designación de volumen o secuencia |
1 |
| 500 ## - NOTA GENERAL |
| Nota general |
"Ministerio de Educación y Ciencia" |
| 500 ## - NOTA GENERAL |
| Nota general |
"Programa Nacional de Especialización del Profesorado de Educación General Básica" |
| 650 #7 - ASIENTO SECUNDARIO DE MATERIA - TERMINO TEMATICO |
| Término de materia o nombre geográfico como elemento de entrada |
Tecnología |
| Subdivisión general |
Estudio y enseñanza |
| Fuente del encabezamiento o término |
|
| 9 (RLIN) |
9465 |
| 650 #4 - ASIENTO SECUNDARIO DE MATERIA - TERMINO TEMATICO |
| Término de materia o nombre geográfico como elemento de entrada |
Mecánica |
| Subdivisión general |
Estudio y enseñanza |
| 9 (RLIN) |
23861 |
| 700 1# - ASIENTO SECUNDARIO--NOMBRE DE PERSONAL |
| Nombre de persona |
Badillo Serrano, Paz, |
| Término indicativo de función/relación |
coaut. |
| 700 1# - ASIENTO SECUNDARIO--NOMBRE DE PERSONAL |
| Nombre de persona |
Carrillo Mora, Francisco, |
| Término indicativo de función/relación |
coaut. |
| 905 ## - TIPO DE MATERIAL |
| Tipo de material |
Libro |